=LDR 00000nam 2200000 4500 =001 INLIS000000000036251 =005 20130612142040 =008 ***********************************Ind** =035 ##$$0010-061300000036251 =041 ##$$a Ind =082 ##$$a 028.5 =090 ##$$a 028.5, Sud s =100 ##$$a Sudana, Antonius Ari =245 ##$$a Surat newtton buat kamu, wow permukaan yang menegangan (tegangan permukaan zat cair, Antonius Ari Sudana =260 ##$$a 2009 $b Jakarta =300 ##$$a 32 hlm, ilus, 25 cm =650 ##$$a Bacaan kanak-kanak =850 ##$$a NBPNMAT